000 00777nab a2200241 u 4500
001 07846
003 HDC
007 cr bn ---aaaaa
008 210129c2013 my dr|nes 0 a may d
040 _aHDC
245 0 _aStar Cruises Lancar Kapal Persiaran Halal
260 _aKuala Lumpur :
_bThe New Straits Times Press (M) Bhd.,
_c2013
300 _apage: B5
336 _atext
_2rdacontent
337 _acomputer
_2rdamedia
338 _aonline resource
_2rdacarrier
650 _aHalal cruise
_98396
650 _aHalal travel
_94328
856 _zRequest full-text at [email protected]
942 _2lcc
942 _cNEWS
942 _kNWSC 002262
999 _c5169
_d5169